Top 10 WTA Tennis Players 2025 by Picture - Statistics

General Stats
  • This quiz has been taken 63 times
  • The average score is 7 of 10
Answer Stats
Picture Answer % Correct
Iga Świątek
96%
Aryna Sabalenka
94%
Coco Gauff
94%
Jessica Pegula
76%
Elena Rybakina
73%
Amanda Anisimova
69%
Jasmine Paolini
67%
Mirra Andreeva
57%
Madison Keys
55%
Ekaterina Alexandrova
37%
No matching quizzes found
Score Distribution
Percent of People with Each Score
Percentile by Number Answered
Your Score History
You have not taken this quiz